<?xml version="1.0" encoding="UTF-8"?>
<record
    xmlns:xsi="http://www.w3.org/2001/XMLSchema-instance"
    xsi:schemaLocation="http://www.loc.gov/MARC21/slim http://www.loc.gov/standards/marcxml/schema/MARC21slim.xsd"
    xmlns="http://www.loc.gov/MARC21/slim">

  <leader>00603nab a2200193 uc4500</leader>
  <controlfield tag="001">552450</controlfield>
  <controlfield tag="005">20240223085220.0</controlfield>
  <controlfield tag="008">991005e19980701                    spa  </controlfield>
  <datafield tag="035" ind1=" " ind2=" ">
    <subfield code="a">552450</subfield>
  </datafield>
  <datafield tag="035" ind1=" " ind2=" ">
    <subfield code="a">(OCoLC)819812895</subfield>
  </datafield>
  <datafield tag="040" ind1=" " ind2=" ">
    <subfield code="c">comduadb</subfield>
  </datafield>
  <datafield tag="041" ind1=" " ind2=" ">
    <subfield code="a">spa</subfield>
  </datafield>
  <datafield tag="100" ind1="1" ind2="0">
    <subfield code="a">Knight, Joseph</subfield>
    <subfield code="4">aut</subfield>
    <subfield code="e">aut</subfield>
    <subfield code="9">299093</subfield>
  </datafield>
  <datafield tag="245" ind1="1" ind2="0">
    <subfield code="a">Insercion de un cateter para administracion de insulina</subfield>
  </datafield>
  <datafield tag="650" ind1=" " ind2="7">
    <subfield code="a">Insulina</subfield>
    <subfield code="2">dcs</subfield>
    <subfield code="9">16326</subfield>
  </datafield>
  <datafield tag="650" ind1=" " ind2=" ">
    <subfield code="a">Cat&#xE9;teres</subfield>
    <subfield code="9">34512</subfield>
  </datafield>
  <datafield tag="773" ind1="0" ind2=" ">
    <subfield code="t">Nursing : Edici&#xF3;n Espa&#xF1;ola (Barcelona)</subfield>
    <subfield code="g">Volumen 16, N&#xFA;mero 06, Julio 1998, p. 36-38</subfield>
    <subfield code="w">322381</subfield>
    <subfield code="x">0212-5382</subfield>
    <subfield code="0">103798</subfield>
  </datafield>
  <datafield tag="942" ind1=" " ind2=" ">
    <subfield code="c">ARIMP</subfield>
  </datafield>
  <datafield tag="999" ind1=" " ind2=" ">
    <subfield code="c">136789</subfield>
    <subfield code="d">136789</subfield>
  </datafield>
</record>
